Camouflage militaire par pays #1 - Statistiques

Statistiques générales
  • Ce quiz a été pris 67 fois
  • Le résultat moyen est 6 sur 11
Statistiques - réponses
Par images Réponse % Correct
France
96%
Etats-Unis
91%
Allemagne
78%
Royaume-Uni
69%
Russie
69%
Italie
55%
Canada
49%
Belgique
47%
Australie
31%
Suède
29%
Danemark
24%
Aucun quiz correspondant
Distribution des résultats
% des personnes avec chaque résultat
Percentile par nombre de réponses
Votre historique - résultats
Vous n’avez pas pris ce quiz